Woman of Substance (Record no. 16341)

MARC details
000 -LEADER
fixed length control field 00586nam a2200229 a 4500
020 ## - INTERNATIONAL STANDARD BOOK NUMBER
ISBN
082 00 - DEWEY DECIMAL CLASSIFICATION NUMBER
Classification number 954.092
Author Cutter KAZ
100 ## - MAIN ENTRY--AUTHOR NAME
Author name Kazim, Lubna
245 ## - TITLE STATEMENT
Title Woman of Substance
Sub title The Memoirs of Begum Khurshid Mirza(1918-1989)
260 ## - PUBLICATION, DISTRIBUTION, ETC. (IMPRINT)
Place of publication Delhi
Name of publisher Zubaan, Kali
Year of publication 2005
300 ## - PHYSICAL DESCRIPTION
Number of Pages 245p
500 ## - GENERAL NOTE
General note includes index and biblioraphy
650 ## - SUBJECT ADDED ENTRY--TOPICAL TERM
Topical Term Biography-Indians
942 ## - ADDED ENTRY ELEMENTS (KOHA)
Koha item type Books
700 1# -
-- Kazim, Lubna
Holdings
Collection code Home library Current library Date acquired Cost, normal purchase price Full call number Accession Number Koha item type
  Henry Martyn Institute Library Henry Martyn Institute Library 09/06/2007 450.00 954.092 KAZ 022115 Books
                   Copyright © 2026 | Henry Martyn Institute | Hyderabad | TS-500052 | INDIA | Implemented by hmi.edu.in
Hit-Count:

Powered by Koha